000
00230nam a2200085Ia 4500
008
170617s9999 xx 000 0 und d
100
_a
SIDDIQUI- ANEES A.
245
0
_a
LAB MANUAL SELECTED EXPERIMENTS PHARMA. ANALYSIS
260
_b
N. DELHI- CBS
260
_c
2010
999
_c
15923
_d
15923